Miquelon - Choix multiples - Statistiques

Statistiques générales
  • Ce quiz a été pris 13 fois
    11 depuis la dernière actualisation
  • Le résultat moyen est 5 sur 10
Statistiques - réponses
Question Réponse % Correct
De quelle île du même archipel Miquelon dépend-elle au niveau administratif et logistique, en tant que capitale et point d'accès principal à l'extérieur (Canada et métropole) ? Saint-Pierre
100%
Quel peuple d'Amérique qui a subi des déportations massives orchestrées par l'Anglais durant la Guerre de Sept ans, a vu plusieurs familles s'exiler sur l'île de Miquelon à partir de 1763 ? Les Acadiens
73%
Quelle île canadienne est située à moins de vingt kilomètres de Miquelon ? Terre-Neuve
73%
Qu'est-ce qui relie Miquelon à Langlade ? Un isthme de sable
73%
Reconnaissez-vous Miquelon sur l'une des images suivantes ?
45%
Quel auteur préromantique séjourna à Miquelon et étudia minutieusement la flore locale ? François-René de Châteaubriand
45%
Quel homme d'État français a cédé toutes les possessions françaises d'Amérique du Nord à l'exception de quelques îles antillaises et de l'archipel dont fait partie Miquelon ? Le duc de Choiseul
45%
Qu'est-ce que le "Grand Barachois" ? Une grande lagune sur l'île de Miquelon
36%
Les exilés de Miquelon évoqués à la question précédente ont subi une dernière déportation par les Anglais que n'ont pas connue leurs compatriotes sur d'autres territoires. Au cours de quel conflit a eu lieu cette dernière déportation anglaise ? La Guerre d'indépendance américaine
27%
Quelle langue donne son origine étymologique au nom de Miquelon ? Le basque
27%
Aucun quiz correspondant
Distribution des résultats
% des personnes avec chaque résultat
Percentile par nombre de réponses
Votre historique - résultats
Vous n’avez pas pris ce quiz depuis la dernière actualisation